[Event "Ch Russia (juniors) (under 18)"]
[Site "masterchessopen.com Rybinsk (Russia)"]
[Round "3"]
[White "Kurnosov Igor (RUS)"]
[Black "Ubushiev Andrey (RUS)"]
[Result "1-0"]
[WhiteElo "2424"]
[BlackElo "2257"]

1.e4 c5 2.Nf3 Nc6 3.d4 cxd4 4.Nxd4 g6 5.c4 Bg7 6.Be3 Nf6 7.Nc3 Ng4 8.Qxg4 Nxd4
9.Qd1 Ne6 10.Qd2 d6 11.Be2 O-O 12.O-O b6 13.Rac1 Nc5 14.f3 a5 15.Rfd1 Bb7
16.Nd5 f5 17.Bg5 Rf7 18.exf5 gxf5 19.Re1 Be5 20.Bd1 Bxd5 21.Qxd5 Qf8 22.Bxe7
Qxe7 23.Qxa8+ Kg7 24.Bc2 Qh4 25.g3 Bxg3 26.Re2 Be5 27.Kh1 Kh6 28.Rg1 Rg7
29.Rxg7 Bxg7 30.Qd5 Be5 31.Qf7 Qh3 32.Qf8+ Kg5 33.Rg2+ Kf4 34.Bxf5 Qh4 35.Rg4+
{#r} 1-0

[Event "It (open)"]
[Site "masterchessopen.com St. Ingbert (Germany)"]
[Round "3"]
[White "Mueller Manfred (GER)"]
[Black "Degen Vladimir (GER)"]
[Result "1-0"]
[WhiteElo "2160"]
[BlackElo "2212"]

1.e4 c5 2.Nf3 Nc6 3.d4 cxd4 4.Nxd4 g6 5.c4 Bg7 6.Be3 Nf6 7.Nc3 Ng4 8.Qxg4 Nxd4
9.Qd1 Ne6 10.Qd2 Qa5 11.Rc1 g5 12.g3 d6 13.b3 f5 14.exf5 Qxf5 15.Bg2 h5 16.Nb5
a6 17.Nd4 Nxd4 18.Bxd4 O-O 19.O-O Rb8 20.Bxg7 Kxg7 21.Qd4+ Qf6 22.Qa7 Bg4
23.Rce1 e5 24.Qe3 Kh6 25.c5 dxc5 26.Qxc5 Rfe8 27.Qe3 Kg7 28.Rc1 Re7 29.Rfe1
Kf8 30.Rc5 Rc8 31.h3 Rxc5 32.Qxc5 Bf5 33.Rd1 Kg7 34.Rd6 Qf8 35.Qe3 {#r} 1-0

[Event "Cup Russia (open)"]
[Site "masterchessopen.com Toljatti (Russia)"]
[Round "1"]
[White "Khismatullin Denis (RUS)"]
[Black "Chupin Vitalij (RUS)"]
[Result "1-0"]
[WhiteElo "2448"]
[BlackElo "2180"]

1.c4 c5 2.Nf3 Nc6 3.d4 cxd4 4.Nxd4 g6 5.e4 Bg7 6.Be3 Nf6 7.Nc3 Ng4 8.Qxg4 Nxd4
9.Qd1 Ne6 10.Qd2 d6 11.Be2 O-O 12.O-O Bd7 13.Rad1 a6 14.b4 Qe8 15.Nd5 b5 16.f4
Bc6 17.f5 gxf5 18.exf5 Bxd5 19.cxd5 Nc7 20.f6 exf6 21.Rf5 a5 22.Bd3 Qd7 23.Rh5
Qg4 24.Bxh7+ Kh8 25.Rh3 Qxb4 26.Bf5+ Kg8 27.Qc2 Qa4 28.Bh7+ Kh8 29.Bg8+ {#r}
1-0

[Event "Cup Russia (open)"]
[Site "masterchessopen.com Tula (Russia)"]
[Round "4"]
[White "Pigusov Evgeny (RUS)"]
[Black "Zubarev Alexander (UKR)"]
[Result "1-0"]
[WhiteElo "2613"]
[BlackElo "2455"]

1.Nf3 c5 2.c4 g6 3.d4 cxd4 4.Nxd4 Bg7 5.e4 Nc6 6.Be3 Nf6 7.Nc3 Ng4 8.Qxg4 Nxd4
9.Qd1 Ne6 10.Qd2 Qa5 11.Rc1 d6 12.Be2 g5 13.O-O Be5 14.Rfd1 Bf4 15.g3 Bxe3
16.Qxe3 Qc5 17.Qd2 Qe5 18.Nd5 b6 19.Bf1 Bb7 20.Bg2 g4 21.Rc3 h5 22.f4 gxf3
23.Rxf3 Qg7 24.Nxe7 Qd4+ 25.Qxd4 Nxd4 26.Rxd4 Kxe7 27.Rfd3 Rad8 28.e5 {#r} 1-0

[Event "Ch Poland (juniors) (under 16)"]
[Site "masterchessopen.com Zakopane (Poland)"]
[Round "6"]
[White "Klimaszewski Dariusz (POL)"]
[Black "Zimolzak Piotr (POL)"]
[Result "0-1"]
[WhiteElo "2228"]
[BlackElo "2131"]

1.e4 c5 2.Nf3 Nc6 3.d4 cxd4 4.Nxd4 g6 5.c4 Bg7 6.Be3 Nf6 7.Nc3 Ng4 8.Qxg4 Nxd4
9.Qd1 e5 10.Nb5 O-O 11.Qd2 Nxb5 12.cxb5 Qe7 13.O-O-O d5 14.exd5 Rd8 15.d6 Qe6
16.Kb1 Bf8 17.Qc3 Rxd6 18.Bc4 Qf5+ 19.Ka1 Be6 20.Bxe6 Qxe6 21.Rxd6 Qxd6 22.Qc4
Rd8 23.Rc1 b6 24.a3 Rd7 25.Ka2 Be7 26.Rc2 Kg7 27.Rd2 Qxd2 28.Bxd2 Rxd2 29.Qc7
Bf6 30.Qxa7 e4 31.Qxb6 Bxb2 {#R} 0-1

[Event "Ch Aragon"]
[Site "masterchessopen.com Zaragoza (Spain)"]
[Round "1"]
[White "Llanes Luno Ricardo (ESP)"]
[Black "Munoz Cruz Jose Carlos (ESP)"]
[Result "1-0"]
[WhiteElo "2119"]
[BlackElo "2233"]

1.e4 c5 2.Nf3 Nc6 3.d4 cxd4 4.Nxd4 g6 5.c4 Bg7 6.Be3 Nf6 7.Nc3 Ng4 8.Qxg4 Nxd4
9.Qd1 Ne6 10.Be2 O-O 11.O-O d6 12.Qd2 Nc5 13.Rad1 Be6 14.b4 Bxc3 15.Qxc3 Nxe4
16.Qb2 Nf6 17.Bh6 Re8 18.g4 g5 19.c5 d5 20.f4 d4 21.Rxd4 Qc8 22.fxg5 Bxg4
23.Rxg4 {#r} 1-0

[Event "It (open)"]
[Site "masterchessopen.com Dresden (Germany)"]
[Date "2001.08.03"]
[Round "9"]
[White "Moeller David (GER)"]
[Black "Fey Franziska (GER)"]
[Result "1-0"]
[WhiteElo "2186"]
[BlackElo "2036"]

1.e4 c5 2.Nf3 Nc6 3.d4 cxd4 4.Nxd4 g6 5.c4 Bg7 6.Be3 Nf6 7.Nc3 Ng4 8.Qxg4 Nxd4
9.Qd1 Ne6 10.Rc1 Qa5 11.Bd3 d6 12.O-O Bd7 13.Bb1 Rc8 14.Qd5 Qb4 15.Nd1 Bc6
16.Qd2 Qxd2 17.Bxd2 g5 18.b4 b6 19.Ne3 Be5 20.f3 Bb7 21.g3 Nd4 22.Bd3 Bf6
23.Nd5 Bxd5 24.cxd5 O-O 25.Kg2 h5 26.Ba6 Ra8 27.Be3 e5 28.Rc7 g4 29.fxg4 Bd8
30.Rd7 hxg4 31.Bh6 {#r} 1-0

[Event "It (open)"]
[Site "masterchessopen.com Bad Wiessee (Germany)"]
[Date "2001.11.03"]
[Round "8"]
[White "Spiess Gunter (GER)"]
[Black "Sawadkuhi Massoud Amir (IRI)"]
[Result "1-0"]
[WhiteElo "2408"]
[BlackElo "2284"]

1.Nf3 Nf6 2.c4 c5 3.Nc3 g6 4.d4 Bg7 5.e4 cxd4 6.Nxd4 Nc6 7.Be3 Ng4 8.Qxg4 Bxd4
9.Qg3 Bxc3+ 10.bxc3 Qa5 11.Bh6 d6 12.Be2 f5 13.exf5 Nd4 14.Qd3 Nxe2 15.Kxe2
Bxf5 16.Qd4 O-O-O 17.Be3 b6 18.Rhd1 Qa4 19.Ke1 Qa3 20.Kf1 Rhf8 21.Kg1 Kb8
22.Qg7 Rfe8 23.Qxh7 Qa4 24.Qf7 Be4 25.c5 bxc5 26.Qb3+ Qxb3 27.axb3 Bc2 28.Rdc1
Bxb3 29.Rcb1 c4 30.Rxa7 Rc8 31.Rba1 Bc2 32.R1a2 Bb3 33.R2a5 {#r} 1-0

[Event "Ch Hungary (team) 2001/02"]
[Site "masterchessopen.com Hungary"]
[Date "2001.11.18"]
[Round "3"]
[White "Toth Andras (HUN)"]
[Black "Rigo Janos (HUN)"]
[Result "1-0"]
[WhiteElo "2382"]
[BlackElo "2338"]

1.e4 c5 2.Nf3 Nc6 3.d4 cxd4 4.Nxd4 g6 5.c4 Bg7 6.Be3 Nf6 7.Nc3 Ng4 8.Qxg4 Nxd4
9.Qd1 Ne6 10.Rc1 b6 11.Be2 Bb7 12.f3 Qb8 13.Qd2 Be5 14.g3 h5 15.f4 Bd6 16.Nd5
h4 17.Kf2 g5 18.e5 gxf4 19.gxf4 Bc5 20.Bf3 a5 21.Rhg1 Bc6 22.f5 Qxe5 23.fxe6
fxe6 24.Bxc5 bxc5 25.Rce1 Qb8 26.Nf6+ exf6 27.Bxc6 Ra7 28.Rxe6+ Kf7 29.Rxf6+
Kxf6 30.Qg5+ Ke6 31.Bd5+ Kd6 32.Qf4+ {#r} 1-0

[Event "Ch Hungary (team) 2001/02 (2 liga)"]
[Site "masterchessopen.com Hungary"]
[Date "2001.12.02"]
[Round "4"]
[White "Dolgener Tobias (GER)"]
[Black "Demeter Istvan (HUN)"]
[Result "1-0"]
[WhiteElo "2249"]
[BlackElo "2203"]

1.e4 c5 2.Nf3 Nc6 3.d4 cxd4 4.Nxd4 g6 5.c4 Bg7 6.Be3 Nf6 7.Nc3 Ng4 8.Qxg4 Nxd4
9.Qd1 Ne6 10.Rc1 d6 11.Qd2 b6 12.Be2 Bb7 13.O-O O-O 14.f3 Qd7 15.Rfd1 Rfc8
16.Bf1 Qe8 17.b4 Bc6 18.Nd5 Nc7 19.Kh1 Ne6 20.Re1 Bb7 21.f4 Nf8 22.Bf2 Nd7
23.Bh4 Bxd5 24.exd5 Nf6 25.Re3 Qd7 26.Rce1 Bf8 27.Bd3 Re8 28.Qe2 Rac8 29.f5 a5
30.b5 Rc7 31.Rg3 Nh5 32.Qxh5 {#r} 1-0

[Event "Ch Asian Cities (team)"]
[Site "masterchessopen.com Aden (Yemen)"]
[Round "2"]
[White "Bajpai Devendra (IND)"]
[Black "Al-Khaja Arif (UAE)"]
[Result "1-0"]
[WhiteElo "2162"]
[BlackElo "2102"]

1.e4 c5 2.Nf3 Nc6 3.d4 cxd4 4.Nxd4 g6 5.c4 Bg7 6.Be3 Nf6 7.Nc3 Ng4 8.Qxg4 Nxd4
9.Qd1 Ne6 10.Be2 O-O 11.O-O d6 12.Qd2 Bd7 13.Rad1 Bc6 14.Bh6 Qb6 15.Bxg7 Kxg7
16.Kh1 Rac8 17.f4 Nc5 18.Qd4+ Kg8 19.b3 Nd7 20.Qd2 Nc5 21.Bf3 a5 22.f5 Nd7
23.fxg6 hxg6 24.Bg4 e6 25.Qh6 Ne5 26.Rf4 Qe3 27.Bxe6 Rce8 28.Nd5 Bxd5 29.Bxd5
Re7 30.Rdf1 Qd2 31.Qg5 Rd7 32.Qf6 {#r} 1-0

[Event "It (cat.7)"]
[Site "masterchessopen.com Alushta (Ukraine)"]
[Round "14"]
[White "Alexandrova Olga (ESP)"]
[Black "Varavin Viktor (RUS)"]
[Result "1-0"]
[WhiteElo "2462"]
[BlackElo "2433"]

1.d4 g6 2.c4 c5 3.Nf3 cxd4 4.Nxd4 Bg7 5.e4 Nc6 6.Be3 Nf6 7.Nc3 Ng4 8.Qxg4 Nxd4
9.Qd1 Ne6 10.Be2 O-O 11.O-O b6 12.Qd2 Bb7 13.f3 d6 14.Rfd1 Nc5 15.Rac1 Rc8
16.Nd5 Qe8 17.Bg5 f6 18.Bh4 Qf7 19.Qe3 Rfd8 20.f4 Bh6 21.Bg4 Rb8 22.b4 Ne6
23.Rf1 Kg7 24.Rce1 Bc8 25.Qg3 Nf8 26.e5 f5 27.Bxe7 Re8 28.Bxd6 Rb7 29.Bf3 {#r}
1-0

[Event "It (cat.7)"]
[Site "masterchessopen.com Alushta (Ukraine)"]
[Round "5"]
[White "Shtyrenkov Veniamen (RUS)"]
[Black "Alexandrova Olga (ESP)"]
[Result "0-1"]
[WhiteElo "2446"]
[BlackElo "2462"]

1.e4 c5 2.Nf3 Nc6 3.d4 cxd4 4.Nxd4 g6 5.c4 Nf6 6.Nc3 Bg7 7.Be3 Ng4 8.Qxg4 Nxd4
9.Qd1 Ne6 10.Qd2 Qa5 11.Rc1 d6 12.Be2 Bd7 13.O-O Bc6 14.f3 O-O 15.Rfd1 Rfc8
16.Nd5 Qxd2 17.Rxd2 Bxd5 18.exd5 Nc5 19.b4 Na4 20.c5 a5 21.bxa5 Nxc5 22.Rb1
Rxa5 23.Bxc5 Rcxc5 24.Rxb7 Bh6 25.Rd3 Kf8 26.Rb2 Bc1 27.Rb8+ Kg7 28.Bd1 Rxa2
29.Bb3 Rb2 30.Kf1 Bf4 31.Re8 Rc1+ 32.Bd1 Kf6 33.g3 Bd2 34.Ke2 Bb4+ 35.Ke3 Bc5+
{#R} 0-1

[Event "Staatsliga (qual)"]
[Site "masterchessopen.com Austria"]
[Round "3"]
[White "Duer Arne (AUT)"]
[Black "Hanel Reinhard (AUT)"]
[Result "1-0"]
[WhiteElo "2365"]
[BlackElo "2326"]

1.c4 c5 2.Nf3 Nf6 3.Nc3 Nc6 4.d4 cxd4 5.Nxd4 g6 6.e4 Bg7 7.Be3 Ng4 8.Qxg4 Nxd4
9.Qd1 Ne6 10.Qd2 Qa5 11.Rc1 g5 12.Be2 h5 13.O-O d6 14.Rfd1 Kf8 15.c5 Nxc5
16.Bxc5 Bxc3 17.Rxc3 dxc5 18.Qxg5 Be6 19.Rg3 Ke8 20.Qg8+ {#r} 1-0

[Event "Staatsliga B East 2001/02"]
[Site "masterchessopen.com Austria"]
[Round "7"]
[White "Fusi Christoph (AUT)"]
[Black "Rumpl Erwin (AUT)"]
[Result "0-1"]
[WhiteElo "2297"]
[BlackElo "2245"]

1.e4 c5 2.Nf3 Nc6 3.d4 cxd4 4.Nxd4 g6 5.c4 Bg7 6.Be3 Nf6 7.Nc3 Ng4 8.Qxg4 Nxd4
9.Qd1 Ne6 10.Qd2 Qa5 11.a3 Bxc3 12.Qxc3 Qxc3+ 13.bxc3 b6 14.a4 Nc5 15.a5 Bb7
16.f3 d6 17.Rb1 Bc6 18.axb6 axb6 19.Rxb6 Ra1+ 20.Kf2 Kd7 21.Rg1 Ra2+ 22.Kg3
Rha8 23.e5 R8a3 24.exd6 exd6 25.Bd4 Rd2 26.Rb8 Ne4+ 27.Kf4 Nxc3 28.Be3 Rd1
29.Kg3 Ke7 30.Bb6 f6 31.Rh8 Na4 32.Rxh7+ {#R} 0-1

[Event "It (open)"]
[Site "masterchessopen.com Bad Zwesten (Germany)"]
[Round "2"]
[White "Schnabel Michael (GER)"]
[Black "Philippe Christophe (FRA)"]
[Result "0-1"]
[WhiteElo "2099"]
[BlackElo "2300"]

1.e4 c5 2.Nf3 Nc6 3.d4 cxd4 4.Nxd4 g6 5.c4 Bg7 6.Be3 Nf6 7.Nc3 Ng4 8.Qxg4 Nxd4
9.Qd1 e5 10.Bd3 O-O 11.O-O d6 12.Rc1 Be6 13.Nd5 Nc6 14.Qd2 f5 15.f4 Qd7 16.b4
Rf7 17.b5 Bxd5 18.cxd5 Ne7 19.Qa5 exf4 20.Rxf4 Bh6 21.Rf3 fxe4 22.Rc7 Qd8
23.Bxh6 exf3 24.Bg5 f2+ 25.Kf1 Nf5 26.Bxd8 Ne3+ 27.Ke2 f1=Q+ 28.Kxe3 Qf2+ {#R}
0-1

[Event "It (open)"]
[Site "masterchessopen.com Bled (Slovenia)"]
[Round "1"]
[White "Srebrnic Ana (SLO)"]
[Black "Grosar Aljosa (SLO)"]
[Result "0-1"]
[WhiteElo "2242"]
[BlackElo "2453"]

1.Nf3 c5 2.c4 Nc6 3.d4 cxd4 4.Nxd4 g6 5.e4 Bg7 6.Be3 Nf6 7.Nc3 Ng4 8.Qxg4 Nxd4
9.Qd1 Ne6 10.Rc1 Qa5 11.Be2 g5 12.Qd2 d6 13.O-O h5 14.a3 h4 15.b4 Qe5 16.c5
dxc5 17.Bb5+ Kf8 18.Bxc5 Bf6 19.Be3 Kg7 20.Qc2 a6 21.Bc4 Bd7 22.Nd5 Bc6
23.Nxf6 exf6 24.Bd5 h3 25.f4 gxf4 26.Bxe6 fxe3 27.Bf5 Rad8 28.Rcd1 Ba4 29.Qxa4
e2 30.gxh3 exd1=Q 31.Rxd1 Qc3 32.Rf1 Rd2 33.b5 Qe3+ 34.Kh1 Qe2 35.Rg1+ Kh6
{#R} 0-1

[Event "Tournament (Elo)"]
[Site "masterchessopen.com Budapest (Hungary)"]
[Round "7"]
[White "Por Attila (HUN)"]
[Black "Hocevar Nikola (SLO)"]
[Result "1-0"]
[WhiteElo "2078"]
[BlackElo "2100"]

1.e4 c5 2.Nf3 Nc6 3.d4 cxd4 4.Nxd4 g6 5.c4 Bg7 6.Be3 Nf6 7.Nc3 Ng4 8.Qxg4 Nxd4
9.Qd1 e5 10.Be2 O-O 11.Qd2 a6 12.h4 d6 13.h5 Re8 14.hxg6 hxg6 15.O-O-O Be6
16.Nd5 Bxd5 17.exd5 Rc8 18.Kb1 Nf5 19.Bg5 f6 20.g4 Nd4 21.Bh6 Rc7 22.Be3 Qe7
23.Rh3 Nxe2 24.Qxe2 Kf7 25.Rh7 Rh8 26.Rxh8 Bxh8 27.Rh1 Bg7 28.Qd3 e4 29.Qe2
Rc8 30.Bd4 Rh8 31.Rxh8 Bxh8 32.Qe3 Bg7 33.c5 dxc5 34.Bxc5 Qd7 {#r} 1-0

[Event "Ch Yugoslavia (team) (w)"]
[Site "masterchessopen.com Budva (Yugoslavia)"]
[Round "0"]
[White "Mijovic Aleksandra (MNE)"]
[Black "Vujosevic Snezana (MNE)"]
[Result "1-0"]
[WhiteElo "2098"]
[BlackElo "1998"]

1.e4 c5 2.Nf3 Nc6 3.d4 cxd4 4.Nxd4 g6 5.c4 Bg7 6.Be3 Nf6 7.Nc3 Ng4 8.Qxg4 Nxd4
9.Qd1 Ne6 10.Qd2 Qa5 11.Rc1 b6 12.Be2 Bb7 13.f3 g5 14.b3 Qe5 15.Nd5 d6 16.O-O
Kf8 17.Bd3 h5 18.h4 Qg3 19.Bf2 Qe5 20.hxg5 Qxg5 21.f4 Qh6 22.Bh4 Bd4+ 23.Kh1
f6 24.Ne3 Bxe3 25.Qxe3 Rg8 26.Rce1 Rg4 27.g3 Kf7 28.Be2 Rg7 29.Bf3 Rh8 30.e5
Bxf3+ 31.Qxf3 Rd8 32.exf6 exf6 33.Qd5 Re8 34.f5 {#r} 1-0

[Event "It (open)"]
[Site "masterchessopen.com Curasao (Netherlands)"]
[Round "5"]
[White "Gikas Basilius (GER)"]
[Black "Molander Riku (FIN)"]
[Result "0-1"]
[WhiteElo "2271"]
[BlackElo "2291"]

{ Gikas Basilius (GER) +0 =0 -1 Molander Riku (FIN) +2 =1 -2 } 1.e4 c5 2.Nf3
Nc6 3.d4 cxd4 4.Nxd4 g6 5.c4 Bg7 6.Be3 Nf6 7.Nc3 Ng4 8.Qxg4 Nxd4 9.Qd1 Ne6
10.Qd2 Qa5 11.Rc1 b6 12.f3 ( 12.Be2 Bb7 13.f3 h5 14.b3 h4 15.Nd5 Qxd2+ 16.Kxd2
Bh6 17.Rhd1 Bxe3+ 18.Kxe3 g5 19.b4 d6 20.c5 bxc5 21.bxc5 dxc5 { ...1/2-1/2,
Kramnik Vladimir(2725) - Ljubojevic Ljubomir(2580), Monte Carlo 1994 It
(active) } ) ( 12.Bd3 Bb7 13.O-O g5 14.a3 h5 15.b4 Qxa3 16.Nd5 Qb2 17.Rc2 Qe5
18.Ra2 h4 19.h3 Rg8 20.Rd1 Bh8 21.Be2 Bc6 { ...1-0, Anand Viswanathan(2765) -
Ljubojevic Ljubomir(2565), Monte Carlo 1997 It "Melody Amber" (blindfold) } )
12...Bb7 13.Be2 f5 { ?/= } 14.exf5 gxf5 15.O-O Rg8 16.Rfd1 d6 { +0,33 CAP }
17.b3 { N } ( 17.Nd5 Qxd2 ( 17...Qxa2 18.Nxe7 Kxe7 19.Qxd6+ Kf7 20.Qd7+ Kf6
21.Rd6 Rae8 22.Rxe6+ Rxe6 23.Bd4+ Kg5 24.f4+ Kxf4 25.g3+ Ke4 26.Qxe6+ Kxd4 {
...1-0, Barrionuevo Pablo(2196) - Liascovich Lucas(2338), Argentina 2001 Ch
Argentina (juniors) (under 18) } ) 18.Rxd2 Rc8 19.Re1 Nc5 20.Bf1 Bxd5 21.cxd5
Kf7 22.g3 Nd7 23.Kg2 Ne5 24.Ba6 Rc7 25.Rde2 Bf6 26.Bc1 b5 { ...1/2-1/2, Jansa
Vlastimil(2505) - Reeh Oliver(2470), Gausdal 1990 It "Peer Gynt" } ) ( 17.a3
f4 18.Bxf4 Bd4+ ( 18...Qf5 19.Be3 Be5 20.Nd5 Qh3 21.Bf1 Qxh2+ 22.Kf2 Qh4+
23.Ke2 Rc8 24.b3 Nc5 25.Bf2 Qh2 26.Qc2 Rg6 { ...1/2-1/2, Kasparov Gary(2545) -
Lanka Zigurds(2340), Tbilisi 1976 Cup URS } ) 19.Kh1 Qf5 20.Nd5 Bxd5 21.cxd5
Nxf4 22.Bb5+ Kf7 23.Qxd4 Rxg2 24.Bd7 Rxh2+ 25.Kxh2 Qh5+ 26.Kg3 Ne2+ { ...0-1,
Kasparov Gary(2545) - Yurtaev Leonid(2360), Vilnius 1975 Ch URS (juniors) } )
( 17.Nb5 Qxd2 { 1/2-1/2, Kytoniemi Jyrki(2210) - Kilpela Panu(2220), Helsinki
1996 It (open) } ) ( 17.c5 Nxc5 18.Bb5+ Nd7 19.Qe2 Be5 20.Qc4 Rg7 21.Qc7 Rd8
22.Qxb7 Bxc3 23.Bxd7+ Rxd7 24.Qc8+ { 1-0, Andreev Eduard(2380) - Reinaldo
Castineira Roi(2190), Szeged 1994 Ch World (juniors) (under 14) } ) 17...f4
18.Bf2 Qg5 19.h4 Bxc3 20.hxg5 Bxd2 21.Rxd2 Rxg5 22.Re1 Kf7 23.Bd1 { } ( 23.Bd3
{ !? } 23...Bxf3 24.Bh4 Rh5 25.Bxe7 { } ) 23...Rag8 24.Bh4 Rh5 25.Bf2 Ng5
26.Rd4 e5 27.Rxe5 { ?? } ( 27.Rd3 { !? } 27...Ke6 28.Bd4 Rh3 29.gxh3 { } )
27...dxe5 28.Rd7+ Ke6 29.Rxb7 Nh3+ 30.Kf1 Nxf2 31.Kxf2 Rh2 { } {#R} 0-1

[Event "It (open) (juniors) (under 16)"]
[Site "masterchessopen.com Hengelo (Netherlands)"]
[Round "8"]
[White "Struik Tjapko (NED)"]
[Black "Van Kerkhof David (NED)"]
[Result "1-0"]
[WhiteElo "2142"]
[BlackElo "2279"]

1.e4 c5 2.Nf3 Nc6 3.d4 cxd4 4.Nxd4 g6 5.c4 Bg7 6.Be3 Nf6 7.Nc3 Ng4 8.Qxg4 Nxd4
9.Qd1 Ne6 10.Qd2 Qa5 11.Rb1 Bxc3 12.Qxc3 Qxc3+ 13.bxc3 d6 14.a4 f6 15.a5 Kf7
16.h4 Rd8 17.Be2 Rd7 18.f4 Rc7 19.e5 dxe5 20.fxe5 f5 21.O-O Nc5 22.Bf3 Rb8
23.Rb5 Ne6 24.Bd4 a6 25.Rb6 Bd7 26.g4 {#r} 1-0

[Event "Ch Israel (team)"]
[Site "masterchessopen.com Israel"]
[Round "7"]
[White "Gerzhoy Leonid (CAN)"]
[Black "Liss Gideon (ISR)"]
[Result "1-0"]
[WhiteElo "2380"]
[BlackElo "2160"]

1.Nf3 c5 2.c4 g6 3.d4 cxd4 4.Nxd4 Bg7 5.e4 Nf6 6.Nc3 Nc6 7.Be3 Ng4 8.Qxg4 Nxd4
9.Qd1 e5 10.Nb5 O-O 11.Qd2 Qh4 12.Bxd4 exd4 13.Bd3 f5 14.exf5 gxf5 15.O-O f4
16.f3 d6 17.Nxd6 Rf6 18.c5 Rh6 19.h3 Be6 20.Rae1 Kh8 21.Re2 Rf8 22.Rfe1 Bxh3
23.gxh3 Qxh3 24.Rg2 Qxf3 25.Bc4 d3 26.Nf7+ Rxf7 {#r} 1-0

[Event "Ch Region"]
[Site "masterchessopen.com Kaluga (Russia)"]
[Round "0"]
[White "Ditiatev Sergey (RUS)"]
[Black "Klimenko Veronica (AUS)"]
[Result "1-0"]
[WhiteElo "2385"]
[BlackElo "2101"]

1.e4 c5 2.Nf3 Nc6 3.d4 cxd4 4.Nxd4 g6 5.c4 Bg7 6.Be3 Nf6 7.Nc3 Ng4 8.Qxg4 Nxd4
9.Qd1 Ne6 10.Be2 Qa5 11.Qd2 d6 12.O-O g5 13.Rfd1 Be5 14.a3 Bxc3 15.bxc3 Bd7
16.Qd5 Qc7 17.Rab1 Bc6 18.Qf5 h5 19.c5 dxc5 20.Bc4 Bd7 21.Rxd7 Kxd7 22.Qxf7
Nd8 23.Qf5+ e6 24.Rd1+ Kc8 25.Bxe6+ Nxe6 26.Qxe6+ Kb8 27.Bxg5 a5 28.Rd6 Ka7
29.Qd5 Rac8 30.e5 Rhg8 31.h4 Qh7 32.e6 Qb1+ 33.Kh2 Qe1 34.Rd7 {#r} 1-0

[Event "Memorial Sarkisov (open)"]
[Site "masterchessopen.com Krasnodar (Russia)"]
[Round "0"]
[White "Panarin Michail (RUS)"]
[Black "Zhukov Viktor (RUS)"]
[Result "1-0"]
[WhiteElo "2437"]
[BlackElo "2218"]

1.e4 c5 2.Nf3 g6 3.d4 cxd4 4.Nxd4 Bg7 5.c4 Nc6 6.Be3 Nf6 7.Nc3 Ng4 8.Qxg4 Nxd4
9.Qd1 Ne6 10.Rc1 Qa5 11.Qd2 b6 12.Bd3 Bb7 13.O-O O-O 14.Bb1 Rfd8 15.b3 d6
16.Rfe1 Rac8 17.f3 Qe5 18.Nd5 Re8 19.f4 Qh5 20.b4 Nf8 21.Bd3 e6 22.Nc3 f5
23.Nb5 Ra8 24.Be2 Qh4 25.exf5 exf5 26.Bf2 Qh6 27.Nc7 Re4 28.Bf3 Rxe1+ 29.Rxe1
Bxf3 30.gxf3 Qh3 31.Qd5+ Kh8 32.Bd4 Qh4 33.Bxg7+ Kxg7 34.Qd4+ {#r} 1-0

[Event "Memorial Stepanov (open)"]
[Site "masterchessopen.com Krasnodar (Russia)"]
[Round "3"]
[White "Rjabzev Konstantin (RUS)"]
[Black "Piskunov Yury (RUS)"]
[Result "1-0"]
[WhiteElo "2315"]
[BlackElo "2311"]

{ } 1.e4 c5 2.Nf3 g6 3.d4 cxd4 4.Nxd4 Bg7 5.c4 Nc6 6.Be3 Nf6 7.Nc3 Ng4 8.Qxg4
Nxd4 9.Qd1 Ne6 10.Rc1 Qa5 11.Be2 { ?/= } 11...g5 ( 11...b6 12.O-O Bb7 13.f3 g5
14.Rf2 h5 15.Bf1 Qe5 16.Rd2 d6 17.Nd5 Kf8 18.b4 Bh6 19.Qb3 g4 20.Bxh6+ Rxh6
21.Qe3 { ...1/2-1/2, Short Nigel D(2665) - Larsen Bent(2560), Hastings 1988 It
(cat.13) } ) 12.O-O ( 12.Qd2 b6 13.O-O Bb7 14.f3 h5 15.Rfd1 d6 16.a3 Qe5 17.b4
Kf8 18.Nb5 Bf6 19.Nc3 h4 20.Bf1 Rg8 21.Nd5 Bh8 { ...0-1, Cebalo Miso(2485) -
Mohr Georg(2450), Cetinje 1990 Ch Yugoslavia (team) } ) 12...b6 { +0,27 CAP N
} ( 12...Qe5 13.Rc2 ( 13.Bg4 b6 14.Bf5 h5 15.Nb5 Bb7 16.Re1 Qb8 17.Qd2 Be5
18.g3 g4 19.Rcd1 Bc6 20.Bxe6 dxe6 21.Bd4 Bxb5 22.cxb5 { ...1/2-1/2, Clemance
Philip A(2355) - Taylor Gordon(2325), Saint John 1988 It (open) } ) 13...h5
14.Rd2 Qb8 15.Nd5 Be5 16.h4 g4 17.Qa4 b6 18.Rfd1 Nc5 19.Qc2 e6 20.Nc3 g3 21.b4
Nb7 22.c5 { ...1/2-1/2, Staniszewski Piotr(2420) - Dzieniszewski
Andrzej(2325), Bydgoszcz 1990 Ch Poland (team) } ) ( 12...d6 13.Nd5 Bxb2
14.Rc2 Bg7 15.Bh5 Qd8 16.f4 gxf4 17.Bxf7+ Kxf7 18.Qh5+ Kg8 19.Rcf2 Bf6 20.Bxf4
Ng7 21.Nxf6+ exf6 22.Qh4 { ...1-0, Aumann Welf(2311) - Arkell Keith C(2462),
Hastings 1999 It (open) } ) ( 12...Kf8 13.f3 d6 14.Rf2 h5 15.Bf1 Be5 16.Nd5
Nf4 17.c5 Be6 18.cxd6 Bxd6 19.b4 Qd8 20.Bd4 Rg8 21.Be3 Bxd5 22.exd5 { ...0-1,
Koglin Anke(2195) - Buervenich Silvia(2165), Germany 1996 Cup Germany (team)
(w) } ) 13.Nd5 Bb7 14.Bg4 Rc8 15.b4 Qxa2 { } ( 15...Qa3 { !? } 16.Qd2 h6
17.Rfd1 Rd8 { } ) 16.c5 { ? } ( 16.Bxg5 { ! } 16...h6 17.Bh4 h5 18.Bf5 { } )
16...bxc5 17.bxc5 h6 18.Bxe6 fxe6 19.Qh5+ Kd8 { ? } ( 19...Kf8 { ! } 20.Qf3+
Ke8 21.Qh5+ Kf8 { } ) 20.Qf7 exd5 21.Qxg7 Kc7 { ?? } ( 21...Re8 { !? } 22.Ra1
Qc4 23.Bd2 Rxc5 { } ) 22.Qe5+ Kc6 23.Qxe7 Kc7 24.Qe5+ Kc6 25.Qd6+ { } {#r} 1-0

[Event "It (open)"]
[Site "masterchessopen.com Lappeenranta (Finland)"]
[Round "1"]
[White "Pursiainen Erkki (FIN)"]
[Black "Paronen Petteri (FIN)"]
[Result "0-1"]
[WhiteElo "1917"]
[BlackElo "2168"]

1.Nf3 Nf6 2.d4 c5 3.c4 cxd4 4.Nxd4 g6 5.Nc3 Bg7 6.e4 Nc6 7.Be3 Ng4 8.Be2 Nxe3
9.fxe3 O-O 10.Qd2 d6 11.Rd1 Ne5 12.O-O Bd7 13.b3 Rc8 14.Nd5 h5 15.h3 Bh6
16.Qe1 Bg5 17.h4 e6 18.hxg5 exd5 19.Rf6 dxe4 20.Qg3 Bg4 21.Bxg4 Nxg4 22.Rxd6
Qxg5 23.Nc2 Rfd8 24.R1d5 Qe7 25.Kf1 Rxd6 26.Qxd6 Qh4 27.Qf4 Qh1+ 28.Ke2 Qxg2+
29.Kd1 Nf2+ {#R} 0-1

[Event "It (open)"]
[Site "masterchessopen.com Las Vegas (USA)"]
[Round "1"]
[White "Gufeld Eduard (USA)"]
[Black "Brodie Hugh (CAN)"]
[Result "1-0"]
[WhiteElo "2434"]
[BlackElo "1958"]

1.e4 c5 2.Nf3 Nc6 3.d4 cxd4 4.Nxd4 g6 5.c4 Bg7 6.Be3 Nf6 7.Nc3 Ng4 8.Qxg4 Nxd4
9.Qd1 e5 10.Nb5 O-O 11.Qd2 Qh4 12.Bd3 d5 13.cxd5 Nxb5 14.Bxb5 Qxe4 15.O-O a6
16.Be2 Bf5 17.Rac1 Rac8 18.d6 Qa4 19.Bb6 Qd7 20.Qb4 Rxc1 21.Rxc1 Rc8 22.Rc7
Rxc7 23.dxc7 Qc6 24.Bc4 Be6 25.b3 Bf8 26.Qa5 Bxc4 27.bxc4 Qxc4 28.Qc5 Qg4
29.Qd5 Qb4 30.g3 Qc3 31.Qxb7 {#r} 1-0

[Event "Memorial Pablo Gorbea (open)"]
[Site "masterchessopen.com Madrid (Spain)"]
[Round "3"]
[White "Felgaer Ruben (ARG)"]
[Black "Rodriguez Cordon Luis (ESP)"]
[Result "1-0"]
[WhiteElo "2549"]
[BlackElo "2207"]

1.e4 c5 2.Nf3 Nc6 3.d4 cxd4 4.Nxd4 g6 5.c4 Bg7 6.Be3 Nf6 7.Nc3 Ng4 8.Qxg4 Nxd4
9.Qd1 Ne6 10.Rc1 Qa5 11.Bd3 b6 12.O-O Bb7 13.f4 Nc5 14.Bb1 O-O 15.Bd2 Qa6
16.b4 Ne6 17.f5 gxf5 18.exf5 Nc7 19.f6 exf6 20.Qc2 Rfe8 21.Qxh7+ Kf8 22.Bh6
{#r} 1-0